Регионална библиотека "Любен Каравелов" - Русе

Икономическа статистика (Запис номер 153053)

MARC детайли
000 -Лидер
Контролно поле с фиксирана дължина 01714nam a2200373 a 4500
003 - Код на организацията, давaща контролен номер
Контролно поле BLK
005 - Дата и час на последна редакция
Контролно поле 20230614114021.0
008 - Елементи от данни с фиксирана дължина
fixed length control field 180410b bul|||||r ||||||| ||bul||
010 ## - Наследен системен номер
LC control number KNG00159572000
040 ## - Източник на каталожния запис
Идентификатор на билиотеката - собственик на записа BLK
041 ## - Код за език
Код за езика на текст/звукозапис или на отделно заглавие Български
Код за езика КДБФ Български
080 ## - УДК
Текстов определител УДК Статистиката като наука. Теория на статистиката
УДК код - определител по УДК 311
УДК определител (075.8)
УДК - код + определител 311(075.8)
100 1# - Редна дума - Автор
Автор Костов, Стоян
Авторска отговорност първи автор
Автор - информация (биография) Илиев, Стоян Костов
R(LIN) 366485
139 ## - Редно поле
Редна дума Костов, Стоян и др.
Авторски знак Кос - К 86
245 10 - Сведения за заглавието
Заглавие Икономическа статистика
Редно поле (дума) Стоян Костов; съавт. Димитър Стефанов Радилов; съавт. Стоян Петров Цветков.
257 ## - Страна на издаване
Страна на създаване/издаване България
260 ## - Област на издателските данни
Място на издаване, разпространение и проч. Свищов
Име на издателя, разпространителя и проч. Акад. изд. Д. А. Ценов
Година на издаване 1992
300 ## - Физическа характеристика
Страници 295 с.
Илюстрации и др. с табл.
Размери/Мащаб 21 см
380 ## - Жанр
Жанр Обществени науки
500 ## - Общи забележки
Забележка Изд. на ВФСИ Д. А. Ценов - Свищов. Кат. Математика и статистика - 1 200 тир.
650 #4 - Допълнително описание по предмет – тема
Основно описание – тема или топоним Статистика, икономическа
9 (RLIN) 244918
653 ## - Ключова дума – ненормативна
Ключова дума икономическа статистика
653 ## - Ключова дума – ненормативна
Ключова дума учебници за ВУЗ
700 1# - Други автори (авторска отговорност)
Лично име Радилов, Димитър Стефанов
Автороска отговорност (Описва отношението между автора и произведението) съавт.
9 (RLIN) 363789
700 1# - Други автори (авторска отговорност)
Лично име Цветков, Стоян Петров
Автороска отговорност (Описва отношението между автора и произведението) съавт.
9 (RLIN) 365878
852 ## - Местоположение
Форматна сигнатура Цб 176350
Фондова буква Хранилище
856 4# - Електронен адрес и достъп
Електронен формат pdf - файл
856 4# - Електронен адрес и достъп
Електронен формат pdf - файл
942 ## - АРТИКУЛИ
Вид на библиотечния материал Книги
Скрит в OPAC Не
944 ## - СЪЗДАВАНЕ И РЕДАКЦИЯ на ЗАПИСА
Създаване/Редакция Създаване
Дата на регистрацията/редакция 10.04.2014
Статус, дата на статуса 10.04.2014 - от С1,Р / 10.04.2014
Служител, извършил регистрацията/редакцията Кина_Георгиева
944 ## - СЪЗДАВАНЕ И РЕДАКЦИЯ на ЗАПИСА
Създаване/Редакция Редакция
Дата на регистрацията/редакция 23.02.2015
Статус, дата на статуса 10.04.2014 - от С1,Р / 10.04.2014
Служител, извършил регистрацията/редакцията Виолета_Тройчева
999 ## - СИСТЕМНИ КОНТРОЛНИ НОМЕРА
Koha biblionumber 153053
Koha biblioitemnumber 153053
999 ## - СИСТЕМНИ КОНТРОЛНИ НОМЕРА
Koha biblioitemnumber 153053
999 ## - СИСТЕМНИ КОНТРОЛНИ НОМЕРА
Koha biblioitemnumber 153053
Наличности
Код за отписване Код за изгубен артикул Източник на класификационната схема Код за повреда Коз за рестрикции Код за отдаване Артикулен № Име на библиотеката - собственик Име на библиотеката, в която се намира в момента Статус (Текущо местоположение) Дата на вписване в системата Местоположение - отдел Цена в лева Инвентарен номер Систематично азбучна сигнатура Баркод Номер на екземпляра Цена в евро Служебна бележка Служебен тип на артикула
  Не е изгубен Universal Decimal Classification Не е повреден без рестрикции ползва се в читалня 256177 Регионална библиотека "Любен Каравелов" Русе Регионална библиотека "Любен Каравелов" Русе Хранилище 1992-01-01 Хранилище 1.93 577719 Цб 176350 120000577719 1 0.99 N: стар фонд Дата: 01.01.1992 Книги
Изтеглен Не е изгубен Universal Decimal Classification Не е повреден без рестрикции заемане за дома 256178 Регионална библиотека "Любен Каравелов" Русе Регионална библиотека "Любен Каравелов" Русе Заемна - подръчен фонд 1992-01-01 Заемна - подръчен фонд 7.50 600535 П 311/К 86 600535 2 3.83 N: стар фонд Дата: 01.01.1992 Дата инв: 02.02.2018 Бележки инв: П2018 Книги
Изтеглен Не е изгубен Universal Decimal Classification Не е повреден без рестрикции заемане за дома 256179 Регионална библиотека "Любен Каравелов" Русе Регионална библиотека "Любен Каравелов" Русе Заемна - подръчен фонд 1992-01-01 Заемна - подръчен фонд 7.50 600534 П 311/К 86 600534 3 3.83 N: стар фонд Дата: 01.01.1992 Дата инв: 02.02.2018 Бележки инв: П2018 Книги
Vip Innovations Ltd, Rousse, Bulgaria 2025